000 00728nam a22001937a 4500
999 _c7574
_d7574
003 AR-CdUCM
008 190320b ||||| |||| 00| 0 eng d
040 _aMUNICIPALIDAD PROVINCIAL DEL CUSCO
_cBIBLIOTECA MUNICIPAL DEL CUSCO
082 _22 ed.
_a895.1038 /
_bC95
245 _aCuentos populares chinos /
260 _aPekin :
_bEds. en Lenguas Extranjeras,
_c1962.
300 _a2 tomos ;
_bilustraciones,
_c21 cm.
500 _aDonación de la familia Nieto.
505 _aContenido: t.2. El pescador y Yack el tuerto -- La tortuga presuntuosa -- La liebre y el mercader -- El cuervo castigado -- El zorro rey ...
650 _aChina
_9843
650 _aColección de cuentos
_9987
942 _2ddc
_cLIBROS
945 _araen